Human resource management : (Record no. 347049)
[ view plain ]
| 000 -LEADER | |
|---|---|
| fixed length control field | 00943 a2200241 4500 |
| 003 - CONTROL NUMBER IDENTIFIER | |
| control field | OSt |
| 005 - DATE AND TIME OF LATEST TRANSACTION | |
| control field | 20180116182835.0 |
| 008 - FIXED-LENGTH DATA ELEMENTS--GENERAL INFORMATION | |
| fixed length control field | 170403b xxu||||| |||| 00| 0 eng d |
| 020 ## - INTERNATIONAL STANDARD BOOK NUMBER | |
| International Standard Book Number | 0071198644 (hardcover) |
| 020 ## - INTERNATIONAL STANDARD BOOK NUMBER | |
| International Standard Book Number | 9780071198646 (hardcover) |
| 040 ## - CATALOGING SOURCE | |
| Transcribing agency | 0 |
| 082 04 - DEWEY DECIMAL CLASSIFICATION NUMBER | |
| Classification number | 658.3 NEO 2002 |
| 100 ## - MAIN ENTRY--PERSONAL NAME | |
| Personal name | Noe, Raymond A. |
| 245 10 - TITLE STATEMENT | |
| Title | Human resource management : |
| Remainder of title | gaining a competitive advantage / |
| Statement of responsibility, etc. | Raymond A. Noe. |
| 250 ## - EDITION STATEMENT | |
| Edition statement | 4th ed. |
| 260 ## - PUBLICATION, DISTRIBUTION, ETC. | |
| Place of publication, distribution, etc. | [S.l.] : |
| Name of publisher, distributor, etc. | Irwin/McGraw-Hill, |
| Date of publication, distribution, etc. | 2002. |
| 300 ## - PHYSICAL DESCRIPTION | |
| Extent | 740 p. ; |
| Dimensions | 26 cm. |
| 440 ## - SERIES STATEMENT/ADDED ENTRY--TITLE | |
| Title | Human resource management : |
| 520 ## - SUMMARY, ETC. | |
| Summary, etc. | This text aims to give the student technical background neecessary to be consumers of human resource (HR) products and services, to manage HR effectively, or to be a successful HR professional. |
| 700 1# - ADDED ENTRY--PERSONAL NAME | |
| Personal name | Noe, Raymond A. |
| 856 40 - ELECTRONIC LOCATION AND ACCESS | |
| Materials specified | Amazon.com |
| Uniform Resource Identifier | <a href="http://www.amazon.com/exec/obidos/ASIN/0071198644/chopaconline-20">http://www.amazon.com/exec/obidos/ASIN/0071198644/chopaconline-20</a> |
| 942 ## - ADDED ENTRY ELEMENTS (KOHA) | |
| Institution code [OBSOLETE] | NBS |
| Koha item type | Book |
| Call number prefix | 658.3 NOE |
| Source of classification or shelving scheme | |
| Withdrawn status | Lost status | Damaged status | Not for loan | Permanent Location | Current Location | Date acquired | Total Checkouts | Full call number | Barcode | Checked out | Date last seen | Date last checked out | Price effective from | Koha item type |
|---|---|---|---|---|---|---|---|---|---|---|---|---|---|---|
| Central Library (CL) | Central Library (CL) | 08/28/2013 | 2 | 658.3 NOE | NBS7387 | 01/31/2019 | 10/03/2018 | 10/03/2018 | 08/28/2013 | Book |
